000 00652nam a2200229Ia 4500
003 OSt
005 20220918210741.0
006 a|||||r|||| 00| 0
007 ta
008 220917b |||||||| |||| 00| 0 eng d
024 _a121,827
037 _cTextual
040 _aARTS
_cARTS
_beng
041 _2eng
_aeng
082 _aWxJ88:1:9, K9
100 _aGauthier David P
_978412
245 0 _aLogic of Leviathan
_b the moral and political theory of Thomas Hobbes
260 _aOxford
_bClarendon Press
_c1969
650 _aPOLITICAL SCIENCE
942 _hWxJ88:1:9, K9
_cTEXL
_2CC
999 _c245026
_d245026